Hippocrates in a world of pagans and Christians / (Record no. 144)

000 -LEADER
fixed length control field 00946nam a2200313 a 4500
001 - CONTROL NUMBER
control field 25413680
003 - CONTROL NUMBER IDENTIFIER
control field OSt
005 - DATE AND TIME OF LATEST TRANSACTION
control field 20210417101845.0
008 - FIXED-LENGTH DATA ELEMENTS--GENERAL INFORMATION
fixed length control field 980429n1991 xx u001 0 eng u
010 ## - LIBRARY OF CONGRESS CONTROL NUMBER
LC control number 90045564
020 ## - INTERNATIONAL STANDARD BOOK NUMBER
International Standard Book Number 0801840902 (alk. paper)
025 ## - OVERSEAS ACQUISITION NUMBER
Overseas acquisition number 000000077184
040 ## - CATALOGING SOURCE
Original cataloging agency NLM
Transcribing agency NLM
049 ## - LOCAL HOLDINGS (OCLC)
Holding library YYEA
080 ## - UNIVERSAL DECIMAL CLASSIFICATION NUMBER
Universal Decimal Classification number 61(09)
Item number T-34
096 ## - LOCALLY ASSIGNED NLM-TYPE CALL NUMBER (OCLC)
Classification number WB 900 T279h 1991
100 1# - MAIN ENTRY--PERSONAL NAME
Personal name Temkin, Owsei,
Dates associated with a name 1902-
245 10 - TITLE STATEMENT
Title Hippocrates in a world of pagans and Christians /
Statement of responsibility, etc. Owsei Temkin.
260 ## - PUBLICATION, DISTRIBUTION, ETC.
Place of publication, distribution, etc. Baltimore :
Name of publisher, distributor, etc. Johns Hopkins University Press,
Date of publication, distribution, etc. c1991.
300 ## - PHYSICAL DESCRIPTION
Extent xiv, 315 p. :
Other physical details ill. ;
Dimensions 24 cm.
504 ## - BIBLIOGRAPHY, ETC. NOTE
Bibliography, etc. note Includes bibliographical references (p. [261]-299) and index.
590 ## - LOCAL NOTE (RLIN)
Local note c. 1 920581 Ritt 1/27/92 $40.
650 #2 - SUBJECT ADDED ENTRY--TOPICAL TERM
Topical term or geographic name entry element Mental Healing
General subdivision history.
650 #2 - SUBJECT ADDED ENTRY--TOPICAL TERM
Topical term or geographic name entry element Religion and Medicine.
653 ## - INDEX TERM--UNCONTROLLED
Uncontrolled term მედიცინა
653 ## - INDEX TERM--UNCONTROLLED
Uncontrolled term რელიგია
700 10 - ADDED ENTRY--PERSONAL NAME
Personal name Hippocrates.
942 ## - ADDED ENTRY ELEMENTS (KOHA)
Source of classification or shelving scheme
Koha item type Books
Holdings
Withdrawn status Lost status Source of classification or shelving scheme Damaged status Not for loan Permanent location Current location Date acquired Inventory number Full call number Barcode Date last seen Price effective from Koha item type
          Ken Walker International University Ken Walker International University 11/11/2020 347 61(09) T-34 347 11/11/2020 11/11/2020 Books

Powered by Koha